000 00492nam a22001937a 4500
003 MPLRDC
005 20220104142853.0
008 210129b ||||| |||| 00| 0 eng d
020 _a957-679-031-X
082 _a498.96 MAN
100 _aOG MANDINO
245 _a世界上最伟大的推销员
_c程怡 编译
250 _a初版
260 _a台湾
_b方智出版公司
_c1992
300 _b267
490 _a社会大学. 49
650 _a成功心理学
942 _cBK
_o498.96 MAN
999 _c34394
_d34384